[Event "25th Czech Open A 2014"]
[Site "Pardubice CZE"]
[Date "2014.07.19"]
[Round "2.70"]
[White "Pekar, Vaclav"]
[Black "Camarena Gimenez, Rufino"]
[Result "1/2-1/2"]
[BlackTitle "IM"]
[WhiteElo "2141"]
[BlackElo "2343"]
[WhiteFideId "323799"]
[BlackFideId "2211106"]
[EventDate "2014.07.18"]

1. c4 e5 2. g3 Nf6 3. Bg2 d6 4. Nc3 g6 5. e4 Bg7 6. Nge2 c6 7. O-O a6 8. h3 b5
9. b3 O-O 10. d4 Nbd7 11. f4 b4 12. Na4 exd4 13. Nxd4 Bb7 14. e5 dxe5 15. Nxc6
Qc7 16. fxe5 Bxc6 17. Bxc6 Qxc6 18. exf6 Nxf6 19. Bb2 Rad8 20. Qf3 Qxf3 21. Rxf3
Ne4 22. Bxg7 Kxg7 23. Nb6 Rd2 24. h4 Nc3 25. a3 Ne2+ 26. Kf1 Nd4 27. Rf2 Rxf2+
28. Kxf2 Nc2 29. Rc1 Nxa3 30. c5 Nb5 31. Nd5 a5 32. c6 Rc8 33. c7 Nc3 34. Nxc3
bxc3 35. Rxc3 Kf6 36. Ke3 Ke7 37. Kd4 Kd6 38. Rc5 Rxc7 39. Rxa5 Rb7 40. Ra6+ Ke7
41. Kc4 Rc7+ 42. Kd4 Rd7+ 43. Kc4 Rc7+ 44. Kd4 1/2-1/2

[Event "25th Czech Open A 2014"]
[Site "Pardubice CZE"]
[Date "2014.07.19"]
[Round "2.71"]
[White "Zubritskiy, Artyom"]
[Black "Freyberg, Dominic"]
[Result "1-0"]
[WhiteElo "2335"]
[BlackElo "2163"]
[WhiteFideId "4181247"]
[BlackFideId "24620106"]
[EventDate "2014.07.18"]

1. d4 Nf6 2. c4 g6 3. g3 Bg7 4. Bg2 O-O 5. Nc3 d6 6. Nf3 Nc6 7. O-O e5 8. d5 Nb8
9. Ne1 Nbd7 10. Rb1 a5 11. a3 Nb6 12. b3 a4 13. Nd3 Qe7 14. e4 axb3 15. Qxb3 Bd7
16. Be3 Na4 17. Nb5 Bxb5 18. cxb5 Ng4 19. Bd2 f5 20. h3 fxe4 21. Bxe4 Nf6 22.
Bg2 Qf7 23. Be3 Ra5 24. Rfc1 b6 25. Nb4 Nc5 26. Bxc5 bxc5 27. Nc6 Raa8 28. Rc2
e4 29. Re1 Rae8 30. a4 Bh6 31. a5 c4 32. Qxc4 e3 33. fxe3 Bxe3+ 34. Kh2 Qg7 35.
Rce2 Qh6 36. Qh4 Nh5 37. Ne7+ Rxe7 38. Qxe7 Bf2 39. Rxf2 Rxf2 40. Qd8+ Rf8 41.
Re8 1-0

[Event "25th Czech Open A 2014"]
[Site "Pardubice CZE"]
[Date "2014.07.19"]
[Round "2.72"]
[White "Chovanec, Vladimir"]
[Black "Kozlitin, Oleg"]
[Result "0-1"]
[BlackTitle "IM"]
[WhiteElo "2100"]
[BlackElo "2331"]
[WhiteFideId "14907860"]
[BlackFideId "4143590"]
[EventDate "2014.07.18"]

1. e4 e6 2. d3 c5 3. Nf3 Nc6 4. g3 g6 5. Bg2 Bg7 6. O-O Nge7 7. Re1 d6 8. c3 O-O
9. Be3 f5 10. Na3 h6 11. e5 Nxe5 12. Nxe5 Bxe5 13. Bxh6 Bg7 14. Bxg7 Kxg7 15. d4
cxd4 16. Qxd4+ e5 17. Qd3 e4 18. Qd4+ Rf6 19. f3 Nc6 20. Qe3 d5 21. Rad1 Rd6 22.
Nb5 Rd7 23. Nd4 Qb6 24. fxe4 dxe4 25. g4 Nxd4 26. cxd4 Re7 27. Qa3 Kf7 28. Qh3
Kg8 29. Qa3 Kf7 30. Qh3 Kg8 31. Qa3 Qf6 32. Qb3+ Qe6 33. d5 Qb6+ 34. Re3 Qxb3
35. Rxb3 b6 36. d6 Rg7 37. Rc3 Be6 38. g5 Rd8 39. Bf1 Rgd7 40. Bc4 Bxc4 41. Rxc4
Rxd6 42. Rxd6 Rxd6 43. Rc8+ Kf7 44. Rc7+ Ke6 45. Rg7 Ke5 46. Rxa7 Kf4 0-1

[Event "25th Czech Open A 2014"]
[Site "Pardubice CZE"]
[Date "2014.07.19"]
[Round "2.73"]
[White "Bruedigam, Martin"]
[Black "Paszewski, Mateusz"]
[Result "0-1"]
[WhiteTitle "FM"]
[WhiteElo "2328"]
[BlackElo "2100"]
[WhiteFideId "24608033"]
[BlackFideId "1141058"]
[EventDate "2014.07.18"]

1. e4 c5 2. Nf3 Nc6 3. d4 cxd4 4. Nxd4 g6 5. c4 Bg7 6. Be3 Nf6 7. Nc3 O-O 8. Be2
d6 9. O-O Bd7 10. Qd2 Nxd4 11. Bxd4 Bc6 12. f3 a5 13. b3 Nd7 14. Be3 Nc5 15.
Rab1 Qb6 16. Rfc1 Rfc8 17. Rc2 Qd8 18. a3 Be5 19. Bf1 Qf8 20. b4 axb4 21. axb4
Na4 22. Nd5 Bxd5 23. exd5 Qg7 24. Rb3 b6 25. Ra3 Nb2 26. Rxa8 Rxa8 27. Bxb6 Ra1
28. f4 Qf6 29. g3 g5 30. Be3 Nd1 31. Kg2 gxf4 32. gxf4 Qg6+ 33. Kf3 Qh5+ 34. Kg3
Nxe3 35. Qxe3 Rxf1 36. fxe5 Qg6+ 37. Kh3 Qxc2 38. exd6 exd6 39. c5 Qg6 40. cxd6
Rf5 0-1

[Event "25th Czech Open A 2014"]
[Site "Pardubice CZE"]
[Date "2014.07.19"]
[Round "2.74"]
[White "Motycakova, Monika"]
[Black "Krapivin, Vladislav"]
[Result "1/2-1/2"]
[WhiteTitle "WFM"]
[BlackTitle "IM"]
[WhiteElo "2108"]
[BlackElo "2321"]
[WhiteFideId "14909626"]
[BlackFideId "4126149"]
[EventDate "2014.07.18"]

1. e4 d6 2. d4 Nf6 3. Nc3 e5 4. Nf3 Nbd7 5. Bc4 Be7 6. O-O O-O 7. Re1 c6 8. a4
b6 9. Ba2 a6 10. h3 Rb8 11. Be3 b5 12. axb5 axb5 13. b4 Qc7 14. Bb3 Nb6 15. Qd3
Bd7 16. dxe5 dxe5 17. Bc5 Bc8 18. Bxe7 Qxe7 19. Red1 Nc4 20. Bxc4 bxc4 21. Qd6
Qxd6 22. Rxd6 Re8 23. Rxc6 Rxb4 24. Ra7 Bb7 25. Rc7 Nxe4 26. Raxb7 Rxb7 27. Rxb7
Nxc3 28. Nxe5 f5 29. Nxc4 Re1+ 30. Kh2 Re2 31. Nd6 1/2-1/2

[Event "25th Czech Open A 2014"]
[Site "Pardubice CZE"]
[Date "2014.07.19"]
[Round "2.75"]
[White "Hrabusa, Matej"]
[Black "Shuvalova, Polina"]
[Result "1-0"]
[BlackTitle "WFM"]
[WhiteElo "2319"]
[BlackElo "2108"]
[WhiteFideId "14908042"]
[BlackFideId "24171760"]
[EventDate "2014.07.18"]

1. e4 c5 2. Nc3 Nc6 3. f4 g6 4. Nf3 Bg7 5. Bb5 d6 6. O-O Bd7 7. d3 a6 8. Bxc6
Bxc6 9. Kh1 e5 10. Qe1 Qc7 11. Rb1 exf4 12. Bxf4 O-O-O 13. b4 cxb4 14. Rxb4 Ne7
15. e5 Qa5 16. Rb3 Nf5 17. exd6 Rhe8 18. d7+ Bxd7 19. Nb5 Qb6 20. Qa5 Qc5 21.
Na7+ 1-0

[Event "25th Czech Open A 2014"]
[Site "Pardubice CZE"]
[Date "2014.07.19"]
[Round "2.76"]
[White "Glantz, Robert"]
[Black "Skacel, Jan"]
[Result "1-0"]
[WhiteTitle "FM"]
[WhiteElo "2317"]
[BlackElo "2079"]
[WhiteFideId "24629596"]
[BlackFideId "314080"]
[EventDate "2014.07.18"]

1. c4 c5 2. g3 Nc6 3. Bg2 g6 4. Nc3 Bg7 5. Nf3 d6 6. O-O Nf6 7. a3 O-O 8. Rb1
Bd7 9. b4 Qc8 10. Re1 Nd8 11. Qb3 Rb8 12. d3 Ne6 13. e3 a6 14. b5 Nc7 15. b6 Ne6
16. d4 cxd4 17. exd4 Qd8 18. a4 Kh8 19. Ba3 g5 20. Rbd1 g4 21. Nh4 Ng5 22. c5 e6
23. cxd6 h6 24. Bc5 Qc8 25. Rc1 Bc6 26. d5 exd5 27. Nxd5 Nxd5 28. Bxd5 Qd7 29.
Re7 Bxd5 30. Qxd5 Qxa4 31. Nf5 Bb2 32. Rb1 Qc2 33. Rf1 Bf6 34. Nxh6 Qg6 35. Nf5
Qh5 36. h4 gxh3 37. f4 Ne6 38. Bf2 Ng7 39. Ne3 Bxe7 40. dxe7 Rfe8 41. Qxh5+ Nxh5
42. Nf5 Kh7 43. Bd4 Nxg3 44. Nxg3 Rxe7 45. Kh2 Rd8 46. Be5 Rd2+ 1-0

[Event "25th Czech Open A 2014"]
[Site "Pardubice CZE"]
[Date "2014.07.19"]
[Round "2.77"]
[White "Sedy, Pavel"]
[Black "Braeuer, Franz"]
[Result "1/2-1/2"]
[WhiteElo "2079"]
[BlackElo "2317"]
[WhiteFideId "318884"]
[BlackFideId "24634468"]
[EventDate "2014.07.18"]

1. e4 c5 2. Nf3 d6 3. d4 cxd4 4. Nxd4 Nf6 5. Bd3 e5 6. Nf3 Be7 7. c4 h6 8. Nc3
Be6 9. O-O O-O 10. Nh4 Nbd7 11. Nf5 Nc5 12. Nd5 Bxf5 13. exf5 Nxd5 14. cxd5 Bg5
15. b4 Nd7 16. Bb2 Qc7 17. g3 Rfc8 18. h4 Bf6 19. Qb3 a5 20. Rfc1 Qd8 21. Bb5
axb4 22. Rxc8 Rxc8 23. Qxb4 Nc5 24. Rd1 e4 25. Bc1 Be5 26. Be3 Qf6 27. Be2 Qxf5
28. Rc1 Rc7 29. Qb6 Qd7 30. Bxc5 dxc5 31. Rxc5 e3 32. Rxc7 exf2+ 33. Qxf2 Bxc7
34. Bf3 Qh3 35. Bg2 Qxg3 36. Qxg3 Bxg3 37. h5 Bd6 38. Be4 Kf8 39. Kg2 Ke7 40.
Kf3 Kf6 41. Kg4 Ke5 42. Bc2 Kf6 43. Bd3 g5 44. a4 b6 45. Bc2 Ke5 46. Bb1 f6 47.
Bc2 Bb4 48. Bb1 Bc3 49. Bc2 Kxd5 50. Kf5 Kd4 51. Bd1 Ke3 52. Bg4 Bd4 1/2-1/2

[Event "25th Czech Open A 2014"]
[Site "Pardubice CZE"]
[Date "2014.07.19"]
[Round "2.78"]
[White "Chekletsov, Ilya"]
[Black "Tomazini, Zan"]
[Result "0-1"]
[BlackTitle "FM"]
[WhiteElo "2078"]
[BlackElo "2313"]
[WhiteFideId "24177156"]
[BlackFideId "14608162"]
[EventDate "2014.07.18"]

1. d4 Nf6 2. c4 Nc6 3. Nf3 e6 4. Nc3 Bb4 5. Bd2 d6 6. a3 Bxc3 7. Bxc3 O-O 8. d5
Nb8 9. Qd3 e5 10. e4 Nh5 11. g3 f5 12. Nd2 Nd7 13. b4 Ndf6 14. Bg2 f4 15. c5 Ng4
16. O-O Rf6 17. Nf3 Rh6 18. b5 Qe8 19. Qc4 Nhf6 20. gxf4 Nxh2 21. Nxh2 Qh5 22.
Rfd1 Qxh2+ 23. Kf1 Rg6 24. Bf3 Ng4 25. Ra2 Ne3+ 0-1

[Event "25th Czech Open A 2014"]
[Site "Pardubice CZE"]
[Date "2014.07.19"]
[Round "2.79"]
[White "Lokander, Martin"]
[Black "Galaktionov, Artem"]
[Result "1-0"]
[WhiteTitle "FM"]
[WhiteElo "2309"]
[BlackElo "2006"]
[WhiteFideId "1709569"]
[BlackFideId "24175471"]
[EventDate "2014.07.18"]

1. Nf3 d5 2. c4 e6 3. g3 Nd7 4. b3 Ngf6 5. Bg2 Bd6 6. O-O e5 7. cxd5 Nxd5 8. Bb2
N5f6 9. d3 Qe7 10. Nbd2 c6 11. Nc4 Bc7 12. d4 e4 13. Nfe5 Nb6 14. Ba3 Qe6 15. f4
Nxc4 16. bxc4 Bd6 17. d5 cxd5 18. cxd5 Nxd5 19. Qa4+ Bd7 20. Nxd7 Qxd7 21. Qxe4+
Ne7 22. Rad1 f5 23. Qe3 Bxf4 24. gxf4 1-0

[Event "25th Czech Open A 2014"]
[Site "Pardubice CZE"]
[Date "2014.07.19"]
[Round "2.80"]
[White "Kozusek, Daniel"]
[Black "Rjabzev, Konstantin"]
[Result "1-0"]
[BlackTitle "IM"]
[WhiteElo "2083"]
[BlackElo "2308"]
[WhiteFideId "349500"]
[BlackFideId "4150015"]
[EventDate "2014.07.18"]

1. d4 d5 2. c4 dxc4 3. Nf3 b5 4. a4 c6 5. g3 Nd7 6. Bg2 Bb7 7. O-O a6 8. Qc2 e6
9. Rd1 Ngf6 10. Ne5 Qc7 11. Nc3 Nxe5 12. dxe5 Qxe5 13. axb5 axb5 14. Rxa8+ Bxa8
15. Bf4 Qc5 16. Be3 Qe7 17. Ra1 Bb7 18. Ra7 Nd5 19. Bxd5 exd5 20. Qf5 Qc7 21.
Bf4 Qc8 22. Qe5+ Be7 23. Qxg7 Rf8 24. e4 Bc5 25. Qe5+ Kd7 26. Nxd5 f6 27. Qf5+
Kd8 28. Qxh7 cxd5 29. Rxb7 Bb4 30. exd5 1-0

[Event "25th Czech Open A 2014"]
[Site "Pardubice CZE"]
[Date "2014.07.19"]
[Round "2.81"]
[White "Constantinou, Peter"]
[Black "Handl, Martin"]
[Result "1-0"]
[WhiteTitle "FM"]
[WhiteElo "2285"]
[BlackElo "2087"]
[WhiteFideId "413038"]
[BlackFideId "320056"]
[EventDate "2014.07.18"]

1. d4 c5 2. c3 cxd4 3. cxd4 g6 4. Nc3 Bg7 5. e4 d6 6. h3 Nf6 7. Nf3 O-O 8. Be3
a6 9. a4 Nc6 10. d5 Ne5 11. Nd2 b6 12. Be2 Bb7 13. O-O Ned7 14. Rc1 a5 15. Re1
Nc5 16. Bb5 Nfd7 17. Nc4 Ne5 18. Nxe5 Bxe5 19. Bh6 Bg7 20. Bxg7 Kxg7 21. Rc2 Ba6
22. Bxa6 Nxa6 23. Nb5 Nc5 24. Nd4 Qd7 25. b3 Rac8 26. Re3 Rfe8 27. h4 h5 28. Qd2
Kh7 29. Rf3 Nxe4 30. Rxf7+ Kg8 31. Qf4 Nf6 32. Rxc8 Rxc8 33. Qxf6 1-0

[Event "25th Czech Open A 2014"]
[Site "Pardubice CZE"]
[Date "2014.07.19"]
[Round "2.82"]
[White "Jovanic, Ognjen"]
[Black "Gallien, Fabian"]
[Result "1/2-1/2"]
[WhiteTitle "GM"]
[BlackTitle "CM"]
[WhiteElo "2482"]
[BlackElo "2210"]
[WhiteFideId "14504081"]
[BlackFideId "4673476"]
[EventDate "2014.07.18"]

1. d4 d5 2. c4 dxc4 3. e3 e5 4. Bxc4 exd4 5. exd4 Bd6 6. Nf3 Nf6 7. O-O O-O 8.
Nc3 Bg4 9. h3 Bxf3 10. Qxf3 c6 11. Bg5 Nbd7 12. Bb3 h6 13. Bh4 Qa5 14. Rad1 Rae8
15. d5 c5 16. Ba4 Rc8 17. Bxd7 Nxd7 18. Qf5 Ne5 19. Ne4 Qc7 20. Bg3 Rfe8 21.
Rfe1 Nc4 22. b3 Bxg3 23. bxc4 Bd6 24. Qg4 Kh8 25. Re3 Rf8 26. Qf5 Rcd8 27. Rde1
a6 28. Nxd6 Qxd6 29. Re7 b5 30. Rxf7 bxc4 31. Rxf8+ Rxf8 32. Qe4 Qf6 33. f3 c3
34. Rd1 Rd8 35. Qc4 Qf5 36. Qxc3 Rxd5 37. Re1 Qd7 38. Qb3 Rd2 39. Kh1 Qd8 40.
Qa4 Rd7 41. f4 a5 42. Kh2 Re7 43. Rd1 Qc7 44. Qc4 Rf7 45. g3 Rd7 46. Rxd7 Qxd7
47. Kg2 Qd2+ 48. Kf3 Qd1+ 49. Kf2 a4 50. f5 Qd2+ 51. Kf3 Qb4 52. Qe6 c4 53. Qe8+
Kh7 54. Qg6+ Kh8 55. Qe8+ Kh7 56. Qg6+ Kh8 57. Qe8+ 1/2-1/2

[Event "25th Czech Open A 2014"]
[Site "Pardubice CZE"]
[Date "2014.07.19"]
[Round "2.83"]
[White "Alekseenko, Kirill"]
[Black "Seidl, Stepan"]
[Result "1-0"]
[WhiteTitle "FM"]
[WhiteElo "2468"]
[BlackElo "2209"]
[WhiteFideId "4135539"]
[BlackFideId "338290"]
[EventDate "2014.07.18"]

1. e4 c5 2. Nf3 d6 3. d4 cxd4 4. Nxd4 Nf6 5. Nc3 g6 6. Be3 Bg7 7. f3 Nc6 8. Qd2
O-O 9. Bc4 Bd7 10. O-O-O Rc8 11. Bb3 Ne5 12. Kb1 Nc4 13. Bxc4 Rxc4 14. g4 b5 15.
b3 b4 16. Nce2 Rc7 17. Ng3 Be6 18. Bh6 Rc5 19. Bxg7 Kxg7 20. g5 Nd7 21. h4 h5
22. gxh6+ Kh7 23. Nge2 Qa5 24. Nf4 Rfc8 25. Rhg1 Ne5 26. Nfxe6 fxe6 27. h5 Nxf3
28. hxg6+ Kg8 29. h7+ Kg7 30. Nxf3 1-0

[Event "25th Czech Open A 2014"]
[Site "Pardubice CZE"]
[Date "2014.07.19"]
[Round "2.84"]
[White "Travkina, Anastasia"]
[Black "Farid, Firman Syah"]
[Result "0-1"]
[WhiteTitle "WFM"]
[BlackTitle "IM"]
[WhiteElo "2200"]
[BlackElo "2401"]
[WhiteFideId "24129151"]
[BlackFideId "7102526"]
[EventDate "2014.07.18"]

1. e4 e5 2. Nf3 Nc6 3. Bb5 a6 4. Ba4 Nf6 5. O-O b5 6. Bb3 Bc5 7. d3 d6 8. h3 h6
9. a4 Rb8 10. Nc3 O-O 11. axb5 axb5 12. Nd5 Be6 13. Be3 Re8 14. Nxf6+ Qxf6 15.
c3 Bb6 16. Bxe6 Qxe6 17. Nh4 d5 18. Nf5 Ne7 19. Nxe7+ Rxe7 20. Bxb6 Rxb6 21. Qb3
Rd7 22. Ra7 Qg6 23. Qb4 dxe4 24. dxe4 Kh7 25. Ra8 Qf6 26. Qc5 Qd6 27. Qxd6 Rbxd6
28. Re8 f6 29. Rb8 c6 30. Rc8 Rd2 31. Rxc6 Rxb2 32. Kh2 h5 33. Kg3 Rd3+ 34. f3
h4+ 35. Kh2 Rdd2 36. Rg1 Kh6 37. Rc7 g6 38. Kh1 Kg5 39. Rc6 Rdc2 40. Kh2 f5 41.
Kh1 b4 42. c4 b3 43. c5 Ra2 44. Kh2 b2 45. Rb6 Rxc5 46. Rd1 Ra1 0-1

[Event "25th Czech Open A 2014"]
[Site "Pardubice CZE"]
[Date "2014.07.19"]
[Round "2.85"]
[White "Novotny, Michal"]
[Black "Titan, Matej"]
[Result "1-0"]
[WhiteTitle "FM"]
[WhiteElo "2354"]
[BlackElo "2202"]
[WhiteFideId "310980"]
[BlackFideId "14608146"]
[EventDate "2014.07.18"]

1. Nf3 Nf6 2. c4 e6 3. Nc3 Bb4 4. g4 d5 5. g5 Ne4 6. Rg1 O-O 7. Qc2 Bxc3 8. bxc3
c5 9. Rb1 Nc6 10. Bg2 Re8 11. h4 Nd6 12. h5 dxc4 13. g6 e5 14. gxf7+ Nxf7 15.
Qe4 Be6 16. Rxb7 Bd5 17. Qg4 e4 18. Rd7 Qf6 19. Rxd5 exf3 20. Qxf3 Qe6 21. Bh3
Qe7 22. Kf1 Nfe5 23. Qg3 Rab8 24. Bf5 Rf8 25. Qg5 Qxg5 26. Rxg5 h6 27. Be6+ Kh8
28. Rg1 Rb1 29. Kg2 Rf6 30. Bh3 Ra1 31. a3 Ra2 32. Rxc5 1-0

[Event "25th Czech Open A 2014"]
[Site "Pardubice CZE"]
[Date "2014.07.19"]
[Round "2.86"]
[White "Karasek, Lukas"]
[Black "Hansen, Mads"]
[Result "1/2-1/2"]
[BlackTitle "FM"]
[WhiteElo "2199"]
[BlackElo "2350"]
[WhiteFideId "325031"]
[BlackFideId "1401610"]
[EventDate "2014.07.18"]

1. e4 c5 2. Nf3 Nc6 3. d4 cxd4 4. Nxd4 Nf6 5. Nc3 e5 6. Ndb5 d6 7. Bg5 a6 8. Na3
b5 9. Nd5 Be7 10. Bxf6 Bxf6 11. c3 Bg5 12. Nc2 Rb8 13. Be2 Be6 14. O-O O-O 15.
Qd3 a5 16. Rfd1 f5 17. Bf3 g6 18. Nce3 Qd7 19. Rac1 Rf7 20. Rc2 Kh8 21. a3 a4
22. Re2 Na5 23. Nb4 Rd8 24. Ned5 Nb3 25. Na6 Qb7 26. Nab4 Nc1 27. Rxc1 Bxc1 28.
Qd1 Bg5 29. exf5 gxf5 30. Nf4 Bb3 31. Qxb3 axb3 32. Bxb7 Rxb7 33. Ne6 Rg8 34.
Nxg5 Rxg5 35. Rd2 Rg6 36. Nc6 Kg7 37. Na5 Rc7 38. Nxb3 Kf7 39. Rd5 Rb7 40. g3
Ke6 41. Rd2 h5 42. Kf1 h4 43. Nc1 Rh6 44. Nd3 Rbh7 45. Nb4 hxg3 46. hxg3 Rh1+
47. Ke2 Rb1 48. Nc6 Rc7 49. Nb4 Rc4 50. Kd3 Rc1 51. Nc2 d5 52. Ne3 Re4 53. f3
Ra4 54. Rh2 e4+ 55. Kd2 Rg1 56. Rh6+ Kf7 57. fxe4 Rxe4 58. Nxf5 Rg2+ 59. Kd3 Re5
60. Nd4 Rxg3+ 61. Kc2 Rg2+ 62. Kb1 Re1+ 63. Ka2 Rd1 64. Rb6 Rd3 65. Nxb5 Ke7 66.
a4 Rg4 67. Nd4 Kd7 68. Rb5 Kd6 69. Rb6+ Ke5 1/2-1/2

[Event "25th Czech Open A 2014"]
[Site "Pardubice CZE"]
[Date "2014.07.19"]
[Round "2.87"]
[White "Dauth, Benjamin"]
[Black "Folk, Petr"]
[Result "1-0"]
[WhiteTitle "FM"]
[WhiteElo "2349"]
[BlackElo "2200"]
[WhiteFideId "4688104"]
[BlackFideId "302996"]
[EventDate "2014.07.18"]

1. e4 c5 2. c3 d5 3. exd5 Qxd5 4. d4 g6 5. Nf3 Bg7 6. Be3 cxd4 7. Bxd4 Nf6 8.
Qb3 Qxb3 9. axb3 Nc6 10. Bb5 O-O 11. Bxc6 bxc6 12. O-O Be6 13. Nbd2 Nd7 14. Bxg7
Kxg7 15. Nd4 c5 16. Nxe6+ fxe6 17. Ra6 e5 18. Rfa1 Rf6 19. Kf1 Rxa6 20. Rxa6 Kf7
21. Ke2 Nb6 22. Ne4 c4 23. bxc4 Nxc4 24. b3 Nd6 25. Nxd6+ exd6 26. Rxd6 a5 27.
Rd2 Ke6 28. Kd3 Rb8 29. Kc2 g5 30. Kb2 g4 31. Ka3 Rc8 32. c4 h5 33. Ka4 Rc5 34.
b4 Rxc4 35. Kxa5 Rc1 36. b5 Ra1+ 37. Kb6 h4 38. Kc7 Rc1+ 39. Kb7 Kf5 40. b6 h3
41. gxh3 gxh3 42. Ra2 Kf4 43. Ka7 Kf3 44. b7 1-0

[Event "25th Czech Open A 2014"]
[Site "Pardubice CZE"]
[Date "2014.07.19"]
[Round "2.88"]
[White "Vavra, Pavel1"]
[Black "Mueer, Sebastian"]
[Result "1-0"]
[WhiteTitle "IM"]
[WhiteElo "2342"]
[BlackElo "2198"]
[WhiteFideId "301841"]
[BlackFideId "24622001"]
[EventDate "2014.07.18"]

1. d4 e6 2. e4 d5 3. Bd3 c5 4. c3 Nc6 5. exd5 exd5 6. Qe2+ Be6 7. Nf3 cxd4 8.
Ng5 Qf6 9. Nxh7 Qe5 10. Qxe5 Nxe5 11. Bb5+ Bd7 12. Bxd7+ Kxd7 13. Nxf8+ Rxf8 14.
O-O dxc3 15. Nxc3 Ne7 16. Rd1 Rh5 17. Bf4 N5c6 18. g4 Rh4 19. f3 d4 20. Nb5 f5
21. Nxd4 Ke8 22. Bg5 Rh3 23. Bxe7 Nxe7 24. Ne6 Rfh8 25. Rd2 1-0

[Event "25th Czech Open A 2014"]
[Site "Pardubice CZE"]
[Date "2014.07.19"]
[Round "2.89"]
[White "Cremer, Jan Paul"]
[Black "Rozhkov, Viacheslav"]
[Result "0-1"]
[BlackTitle "FM"]
[WhiteElo "2194"]
[BlackElo "2327"]
[WhiteFideId "24686115"]
[BlackFideId "4181484"]
[EventDate "2014.07.18"]

1. e4 c5 2. Nf3 d6 3. d4 cxd4 4. Qxd4 Nc6 5. Bb5 Bd7 6. Bxc6 Bxc6 7. Nc3 e6 8.
Bg5 Nf6 9. O-O-O Be7 10. Qd3 Qa5 11. h4 h6 12. Bd2 Qa6 13. Qxa6 bxa6 14. Rhe1
Rc8 15. Nd4 Ng4 16. Nxc6 Rxc6 17. Re2 Bxh4 18. f3 Ne5 19. f4 Nc4 20. Nd5 O-O 21.
g3 exd5 22. gxh4 dxe4 23. Rxe4 Nxd2 24. Rxd2 Rfc8 25. Re7 Rc4 26. Rxa7 Rxf4 27.
Rxd6 Rxh4 28. Raxa6 Rhc4 29. c3 h5 30. a4 h4 31. Rd3 g5 32. a5 Kg7 33. Rb6 g4
34. Rb5 Kg6 35. Re5 g3 36. Re2 Ra4 37. Kd2 Rxa5 38. Re4 Rg5 39. Re1 h3 0-1

[Event "25th Czech Open A 2014"]
[Site "Pardubice CZE"]
[Date "2014.07.19"]
[Round "2.90"]
[White "Cerveny, Petr"]
[Black "Vokoun, Jan"]
[Result "0-1"]
[WhiteTitle "FM"]
[BlackTitle "FM"]
[WhiteElo "2301"]
[BlackElo "2195"]
[WhiteFideId "322016"]
[BlackFideId "301647"]
[EventDate "2014.07.18"]

1. g3 d5 2. Nf3 Nc6 3. c4 d4 4. Bg2 a5 5. O-O e5 6. d3 Nf6 7. e3 dxe3 8. Bxe3
Be7 9. Nc3 O-O 10. d4 exd4 11. Nxd4 Ne5 12. b3 Nfg4 13. Bf4 Bc5 14. Nce2 Ng6 15.
Bc1 c6 16. h3 Nf6 17. Bb2 Bd7 18. Qc2 Qc8 19. Kh2 Re8 20. Rad1 h5 21. Nc3 h4 22.
Na4 Ba7 23. c5 Nd5 24. Bc1 Re5 25. Nf3 hxg3+ 26. fxg3 Rh5 27. h4 Qc7 28. Rd4 Re8
29. Bh3 Bxh3 30. Kxh3 Bb8 31. Qf2 Re6 32. Re1 Ne5 33. Nxe5 Rhxe5 34. Rxe5 Qxe5
35. Bb2 Rf6 36. Qg2 Rg6 37. Rd3 Qf5+ 38. Kh2 Qxd3 0-1

[Event "25th Czech Open A 2014"]
[Site "Pardubice CZE"]
[Date "2014.07.19"]
[Round "2.91"]
[White "Jacko, Vladimir2"]
[Black "Folkova, Martina"]
[Result "1-0"]
[WhiteTitle "FM"]
[BlackTitle "WFM"]
[WhiteElo "2296"]
[BlackElo "2188"]
[WhiteFideId "14915928"]
[BlackFideId "304271"]
[EventDate "2014.07.18"]

1. d4 d5 2. c4 e6 3. Nf3 c6 4. e3 Nf6 5. b3 Ne4 6. Bd3 Bb4+ 7. Nbd2 f5 8. O-O
Nd7 9. a4 Qe7 10. a5 a6 11. Bb2 O-O 12. Qc1 Bd6 13. Ne5 Nxd2 14. Qxd2 Nxe5 15.
dxe5 Bb4 16. Bc3 Bxc3 17. Qxc3 Bd7 18. f4 Rac8 19. Rad1 Rfd8 20. Rd2 Be8 21. Be2
Bf7 22. Rfd1 Qe8 23. Qb4 Rc7 24. Qb6 Rcd7 25. b4 h6 26. b5 dxc4 27. Qxd8 Qxd8
28. Rxd7 Qxa5 29. bxc6 bxc6 30. Bxc4 Qc3 31. Bd3 Bh5 32. Rb1 a5 33. h3 Qc5 34.
Rd4 Qa7 35. Bc4 Bf7 36. Kf2 Qe7 37. Kg3 Qa3 38. Kf2 Qc3 39. Be2 Qc2 40. Rbd1 a4
41. R1d2 Qc1 42. Ra2 Qb1 43. Rdxa4 c5 44. Ra8+ Kh7 45. R2a7 Bg6 46. Rc8 Qc2 47.
Rcc7 Bh5 48. Rxg7+ Kh8 49. g4 fxg4 50. hxg4 Be8 51. Rge7 Bc6 52. Rac7 1-0

[Event "25th Czech Open A 2014"]
[Site "Pardubice CZE"]
[Date "2014.07.19"]
[Round "2.92"]
[White "Moravec, Vit"]
[Black "Priasmoro, Novendra"]
[Result "1/2-1/2"]
[WhiteElo "2188"]
[BlackElo "2282"]
[WhiteFideId "331481"]
[BlackFideId "7105029"]
[EventDate "2014.07.18"]

1. e4 c5 2. Nf3 Nc6 3. d4 cxd4 4. Nxd4 g6 5. Nc3 Bg7 6. Be3 Nf6 7. Bc4 d6 8. f3
Nd7 9. Bb3 Nb6 10. h4 h5 11. Qd3 Ne5 12. Qe2 Bd7 13. Nd5 Nxd5 14. exd5 a6 15.
O-O-O b5 16. Rhe1 O-O 17. Nc6 Bxc6 18. dxc6 Qc7 19. Bg5 e6 20. g4 hxg4 21. fxg4
a5 22. a4 bxa4 23. Bxa4 Rfb8 24. b3 Rb4 25. h5 Rxg4 26. Rg1 gxh5 27. Rxg4 hxg4
28. Bf4 Nxc6 29. Bxd6 Qc8 30. Qxg4 Nb4 31. Bxb4 axb4 32. Qxb4 Rb8 33. Qd6 Qf8
34. Qxf8+ Kxf8 35. c4 Bh6+ 36. Kc2 Be3 37. Rd3 Bc5 38. Rh3 Ke7 39. Bc6 Bb4 40.
Rh5 f5 41. Rh7+ Kf6 42. Rb7 Rxb7 43. Bxb7 Kg5 44. Kd3 Kf4 45. Ke2 e5 46. Bh1 e4
47. Bg2 Bc5 48. Bh1 Kg3 49. b4 Bd4 50. c5 Kf4 51. c6 Bb6 52. b5 Ke5 53. Bg2 Kd4
54. Bh3 f4 55. Bg2 1/2-1/2